000 00738nam a2200253 a 4500
003 Co-PeBPM
005 20251020003149.0
008 231129s1992||||xx |||||||||||||| ||spa||
040 _bspa
_aCo-PeBPM
_cCo-PeBPM
_eRDA
041 _aspa
082 _a252 S586e
100 _aSilva-Silva, Darí­o
_eAutor
245 0 _aEl engaño de la nueva era
250 _aPrimera
260 _c1992
264 _aCasa Roca, Colombia; 1992
300 _a74cms;
_c18cms
500 _aIncluye índice y Bibliografía
505 _aIncluye índice y Bibliografía
650 1 4 _2LEMB
_aReencarnación
_vMetafísica
_xControl Mental
650 1 4 _aEspiritismo
_vSofrología
_xBiblia
700 _aArias de Pava, Liliana
_eAutor
942 _2ddc
_cBK
_n0
999 _c10961
_d10961